| 000 | 00801nam a2200205 i 4500 | ||
|---|---|---|---|
| 001 | 5088 | ||
| 003 | ES-MaACL | ||
| 005 | 20230906144525.0 | ||
| 007 | t| | ||
| 008 | 890811r19891726sp a ||||1| spa d | ||
| 080 | _a46-3 | ||
| 245 | 0 | 0 |
_aDiccionario de la lengua castellana en que se explica el verdadero sentido de las voces... [ _hMicroforma]. |
| 260 |
_aMadrid : _bAteneo Cientifico, Literario y Artistico, _c1989. |
||
| 300 |
_a3 carretes de microfilme : _bnegativo ; _c35 mm. |
||
| 500 | _aPublicado originalmente: Madrid, Real Academia de la Lengua EspaƱola, 1726-39. 1a ed. en 6 v. | ||
| 505 | 8 | _aCarrete n. 1: A-C -- Carrete n. 2: D-L -- Carrete n. 3: M-Z | |
| 650 | 1 | 4 |
_aObras anteriores a 1800. _915661 |
| 650 | 1 | 4 |
_aLengua espaƱola- _vDiccionarios. _914137 |
| 852 |
_aES-MaACLM _jM-97-99 |
||
| 999 |
_c5088 _d5088 |
||